| 000 | 00761 a2200217 4500 | ||
|---|---|---|---|
| 001 | 26574 | ||
| 005 | 20260407155544.0 | ||
| 008 | 260407a1972 arg spa d | ||
| 003 | AR-UNSa-BCEJYS | ||
| 040 |
_aAR-UNSa-BCEJYS _bspa _cAR-UNSa-BCEJYS |
||
| 080 |
_a330.101.542 _xMicroeconomía |
||
| 245 | 1 | 0 | _aMicroeconomia |
| 264 | 1 |
_aMéxico : _bInteramericana _c1972 |
|
| 300 |
_a375 p. _c24 cm. |
||
| 505 | _aParte I : Visión general de la actividad y el análisis económicos - - Parte II : Microeconomía : mercados para los bienes y servicios - - Parte III : Microeconomía : mercados para los recursos. | ||
| 041 | _aspa | ||
| 942 | _cBK | ||
| 590 | _aniveau_biblio:m niveau_hierar:0 | ||
| 100 | 1 | _aAgut Armer, Vicente | |
| 700 | 1 | _aLeftwich, Richard H. | |
| 999 |
_c1474 _d1474 |
||